000 00840nam a2200289Ia 4500
001 F4827
003 IT-RoPAU
008 130308s9999 xx 000 0 und d
040 _aIT-RoPAU
040 _cIT-RoPAU
041 _aITALIANO
100 _aDaney Serge
100 _gCodice Aut. SPICS: 7574
245 _aDopo Ttutto
245 _bDal Cinema al Cinema. La Nuova Critica e le Origini delle Nouvelles Vagues
250 _a1a ed.
260 _aANCONA
260 _bTranseuropa
260 _c1997 [1° Ed.:1997 - Ed.Ling.Originale:1984]
300 _a"5 p. (prefazione: no ; testo: 5 [pagine: 115-119])"
500 _aTratto Dalla Politica degli Autori. Riflessioni Sulla Nouvelle Vague.
650 _aTEORICHE CINEMATOGRAFICHE
650 _eCodice materia Spics: 6805
942 _cBK
957 _71
999 _c82956
_d82956
999 _g1